<?xml version="1.0" encoding="UTF-8"?>
<record
    xmlns:xsi="http://www.w3.org/2001/XMLSchema-instance"
    xsi:schemaLocation="http://www.loc.gov/MARC21/slim http://www.loc.gov/standards/marcxml/schema/MARC21slim.xsd"
    xmlns="http://www.loc.gov/MARC21/slim">

  <leader>00334nam a22000977a 4500</leader>
  <controlfield tag="008">150326b        xxu||||| |||| 00| 0 eng d</controlfield>
  <datafield tag="020" ind1=" " ind2=" ">
    <subfield code="a">9780898716610</subfield>
    <subfield code="c">Available</subfield>
  </datafield>
  <datafield tag="082" ind1=" " ind2=" ">
    <subfield code="2">Second Edition</subfield>
    <subfield code="a">519.72GRI</subfield>
    <subfield code="b">002818</subfield>
  </datafield>
  <datafield tag="245" ind1=" " ind2=" ">
    <subfield code="a">Linear and Nonlinear Optimization</subfield>
    <subfield code="c">Griva Igor</subfield>
  </datafield>
  <datafield tag="260" ind1=" " ind2=" ">
    <subfield code="a">USA</subfield>
    <subfield code="b">Society for  Industrial and Applied Mathematics</subfield>
    <subfield code="c">2009</subfield>
  </datafield>
  <datafield tag="999" ind1=" " ind2=" ">
    <subfield code="c">24755</subfield>
    <subfield code="d">24755</subfield>
  </datafield>
  <datafield tag="952" ind1=" " ind2=" ">
    <subfield code="0">0</subfield>
    <subfield code="1">0</subfield>
    <subfield code="2">ddc</subfield>
    <subfield code="4">0</subfield>
    <subfield code="7">0</subfield>
    <subfield code="8">REF</subfield>
    <subfield code="a">CL</subfield>
    <subfield code="b">CL</subfield>
    <subfield code="c">DISPLAY</subfield>
    <subfield code="d">2015-03-26</subfield>
    <subfield code="l">1</subfield>
    <subfield code="o">519.72GRI </subfield>
    <subfield code="p">RCMS002818</subfield>
    <subfield code="r">2022-12-15</subfield>
    <subfield code="s">2015-06-12</subfield>
    <subfield code="w">2015-03-26</subfield>
    <subfield code="y">BK</subfield>
  </datafield>
</record>
